Προϋπολογισμοί Budgeting για τη Λήψη Επιχειρηματικών Αποφάσεων / Ταμειακοί Προυπολογισμοί - Προϋπολογισμοί Αγορών - Προϋπολογισμοί Πωλήσεων - Προϋπολογισμοί Γενικών Εξόδων - Προϋπολογισμοί Παραγωγής - Pro Forma Αποτελέσματα Χρήσης - Pro Forma Κατάσταση Πηγών και Διάθεσης Κεφαλαίων. (Record no. 901)
[ view plain ]
| 000 -LEADER | |
|---|---|
| fixed length control field | 02627cam a22002054a 4500 |
| 005 - ΗΜΕΡΟΜΗΝΙΑ ΚΑΙ ΩΡΑ ΤΕΛΕΥΤΑΙΑΣ ΕΝΗΜΕΡΩΣΗΣ | |
| Πεδίο ελέγχου | 20250605163240.0 |
| 008 - FIXED-LENGTH DATA ELEMENTS--GENERAL INFORMATION | |
| Πεδίο ελέγχου σταθερού μήκους | 250528s ||||||||||||||||||||||||d |
| 035 ## - SYSTEM CONTROL NUMBER | |
| System control number | 15311 |
| 020 ## - ISBN | |
| ISBN | 9603430951 |
| 040 ## - ΠΗΓΗ ΚΑΤΑΛΟΓΟΓΡΑΦΗΣΗΣ | |
| Φορέας πρωτότυπης καταλογογράφησης | MC Athens Campus Library |
| Γλώσσα καταλογογράφησης | Ελληνικά, Μοντέρνα (1453-) |
| Modifying agency | MC Athens Campus Library |
| Κανόνες περιγραφικής καταλογογράφησης | AACR2 |
| 245 1# - ΤΙΤΛΟΣ ΚΑΙ ΔΗΛΩΣΗ ΥΠΕΥΘΥΝΟΤΗΤΑΣ | |
| Τίτλος | Προϋπολογισμοί Budgeting για τη Λήψη Επιχειρηματικών Αποφάσεων / Ταμειακοί Προυπολογισμοί - Προϋπολογισμοί Αγορών - Προϋπολογισμοί Πωλήσεων - Προϋπολογισμοί Γενικών Εξόδων - Προϋπολογισμοί Παραγωγής - Pro Forma Αποτελέσματα Χρήσης - Pro Forma Κατάσταση Πηγών και Διάθεσης Κεφαλαίων. |
| 260 ## - PUBLICATION, DISTRIBUTION, ETC. | |
| Name of publisher, distributor, etc. | Αδελφών Κυριακίδη Α.Ε, |
| Date of publication, distribution, etc. | 1993 |
| 300 ## - PHYSICAL DESCRIPTION | |
| Extent | 320 |
| 505 0# - FORMATTED CONTENTS NOTE | |
| Formatted contents note | Γενικές Αρχές Προυπολογισμών, Ο Προϋπολογισμός Πωλήσεων (Sales Budget), Προϋπολογισμοί Παραγωγής, Προϋπολογισμοί Αγορών Πρώτων Υλών, Προϋπολογισμοί Άμεσης Εργασίας, Ταμειακός Προϋπολογισμός, Προσωπικοί Ταμειακοί Προϋπολογισμοί, Προϋπολογισμοί μη Κερδοσκοπικών Οργανισμών, Προϋπολογισμένες Χρηματοοικονομικές Καταστάσεις, Ελαστικοί Προϋπολογισμοί (Elexible Budgets), Διάφοροι Προϋπολογισμοί, Προϋπολογισμός Μηδενικής Βάσης (Zero-Base Budgeting), Ασκήσεις για Λύση. |
| 520 ## - SUMMARY, ETC. | |
| Summary, etc. | Γενικές Αρχές Προυπολογισμών, Ο Προϋπολογισμός Πωλήσεων (Sales Budget), Προϋπολογισμοί Παραγωγής, Προϋπολογισμοί Αγορών Πρώτων Υλών, Προϋπολογισμοί Άμεσης Εργασίας, Ταμειακός Προϋπολογισμός, Προσωπικοί Ταμειακοί Προϋπολογισμοί, Προϋπολογισμοί μη Κερδοσκοπικών Οργανισμών, Προϋπολογισμένες Χρηματοοικονομικές Καταστάσεις, Ελαστικοί Προϋπολογισμοί (Elexible Budgets), Διάφοροι Προϋπολογισμοί, Προϋπολογισμός Μηδενικής Βάσης (Zero-Base Budgeting), Ασκήσεις για Λύση. |
| 700 1# - ΠΡΟΣΘΕΤΗ ΑΝΑΓΡΑΦΗ--ΦΥΣΙΚΟ ΠΡΟΣΩΠΟ | |
| Personal name | Τσακλαγκάνος Άγγελος Α |
| 942 ## - ADDED ENTRY ELEMENTS (KOHA) | |
| Koha item type | Books |
| Τύπος τεκμηρίου | Βιβλιοθήκη | Τρέχουσα τοποθεσία | Barcode | Αριθμός εισαγωγής | Ημερομηνία απόκτησης | Ταξιθετικό σύμβολο | Αριθμός αντιτύπου | Κατάσταση απόσυρσης | Κατάσταση χαμένου | Κατάσταση κατεστραμμένου | Μη δανεισμός | Σύνολο δανεισμών | Ημερομηνία τελευταίας εμφάνισης | Η τιμή ισχύει από |
|---|---|---|---|---|---|---|---|---|---|---|---|---|---|---|
| Books | MC Athens Campus Library | MC Athens Campus Library | 9780000009005 | 1555 | 05/06/2025 | 658.154 TSA | 1 | 05/06/2025 | 05/06/2025 |